The material subject : (Record no. 37879)

MARC details
000 -LEADER
fixed length control field 01643cam a2200205 i 4500
020 ## - INTERNATIONAL STANDARD BOOK NUMBER
ISBN 9781003086031
041 ## - LANGUAGE CODE
Language code of text/sound track or separate title eng-
082 00 - DEWEY DECIMAL CLASSIFICATION NUMBER
Classification number 306
Item number MAT-
245 04 - TITLE STATEMENT
Title The material subject :
Sub Title rethinking bodies and objects in motion /
Statement of responsibility, etc [edited by] Urmila Mohan and Laurence Douny.
260 ## - PUBLICATION, DISTRIBUTION, ETC. (IMPRINT)
Place of publication New York :
Name of publisher Routledge,
Year of publication 2022.
300 ## - PHYSICAL DESCRIPTION
Number of Pages 246p.
504 ## - BIBLIOGRAPHY, ETC. NOTE
Bibliography, etc Includes bibliographical references and index.
520 ## - SUMMARY, ETC.
Summary, etc "This volume emphasizes the role of bodily and material culture in making subjects, with a focus on empirical field research and theoretical sophistication. In particular, the work is situated in the anthropological study of techniques, materiality and power via the ideas of the Matière à Penser (MaP) school of thought. It provides students and scholars of material culture with valuable access to an intellectual tradition developed mostly in France and to emerging cross-disciplinary research. The book highlights the embodied subject as a holistic entity - including mind, drives and pains - engaged in relationships with others, and in doing so rejects the Western notion of the self-managing individual with disembodied thought. The chapters mediate different scales of engagement through a focus on practices and connect the study of physical properties (of both humans and objects) and gestures to larger questions of how individuals are connected with their environment and each other through actions"--
546 ## - LANGUAGE NOTE
Language note English.
650 #0 - SUBJECT ADDED ENTRY--TOPICAL TERM
Topical Term Material culture
General subdivision Philosophy.
650 #0 - SUBJECT ADDED ENTRY--TOPICAL TERM
Topical Term Material culture
General subdivision Research.
700 1# - ADDED ENTRY--PERSONAL NAME
Personal name Mohan, Urmila
Relator term editor.
700 1# - ADDED ENTRY--PERSONAL NAME
Personal name Douny, Laurence
Relator term editor.
942 ## - ADDED ENTRY ELEMENTS (KOHA)
Source of classification or shelving scheme Dewey Decimal Classification
Koha item type Books
Holdings
Withdrawn status Lost status Damaged status Not for loan Home library Current library Date acquired Source of acquisition Cost, normal purchase price Full call number Accession Number Cost, replacement price Price effective from Koha item type
        NASSDOC Library NASSDOC Library 16/03/2023 Overseas 0.00 306 MAT- 53588 0.00 02/06/2023 Books